Trouve le duo disney ou pixar - Statistiques

Statistiques générales
  • Ce quiz a été pris 155 fois
  • Le résultat moyen est 13 sur 16
Statistiques - réponses
Par images Réponse % Correct
ariel
98%
lilo
98%
elsa
95%
raiponce
94%
belle
93%
cendrillon
90%
mulan
90%
vaiana
87%
nala
86%
tiana
86%
pocahontas
83%
aurore
72%
wendy
71%
merida
65%
marie
61%
judy
55%
Aucun quiz correspondant
Distribution des résultats
% des personnes avec chaque résultat
Percentile par nombre de réponses
Votre historique - résultats
Vous n’avez pas pris ce quiz